|
|
|
|
| LEADER |
00000nam a22000007a 4500 |
| 005 |
2017090801041.0 |
| 007 |
cr|||| |||| |
| 008 |
170908s2015 es |||||s|||| 00||0 spa d |
| 020 |
|
|
|a 978-84-16608-12-6
|
| 035 |
|
|
|a 20578
|
| 040 |
|
|
|a vLex
|
| 090 |
|
|
|c 6951
|d 6951
|
| 100 |
1 |
|
|a Lp̤ez Lp̤ez, Julia
|
| 245 |
1 |
2 |
|a La extincin̤ del contrato como l︢tima ratio
|h [Recurso electrn̤ico] :
|b los mecanismos de proteccin̤ del contrato de trabajo /
|c Julia Lp̤ez Lp̤ez
|
| 256 |
|
|
|a Servicio en ln̕ea
|
| 260 |
|
|
|a Albacete:
|b Editorial Bomarzo,
|c 2015
|
| 300 |
|
|
|a 1 recurso electrn̤ico
|
| 506 |
1 |
|
|a Disponible solo en los productos indicados
|d vLex Global
|d vLex Global (Academic Edition, excluding Law Schools)
|d vLex Global (U.S. Academic Edition, Law Schools)
|d vLex Global (U.S. Academic Edition, excluding Law Schools)
|d vLex Global (Academic Edition, Law Schools)
|
| 650 |
0 |
4 |
|a Derecho Laboral y Seguridad Social
|z Espaą
|
| 740 |
0 |
|
|a vLex Libros (Servicio en ln̕ea)
|
| 856 |
4 |
0 |
|u http://vlex.com/source/extincion-contrato-ultima-ratio-20578
|z Acceso restringido
|
| 942 |
|
|
|c BOOK
|
| 999 |
0 |
|
|a Labor law and social security
|